Т. 3 : Научно-технический прогресс и плановое инвестирование в народное хозяйство; Плановое управление экономикой развитого социализма

Dettagli Bibliografici
Parent link:Плановое управление экономикой развитого социализма: в 5 т./ Научно-исследовательский экономический институт, Госплан УССР ; гл. ред. А. С. Емельянов. Т. 3 : Научно-технический прогресс и плановое инвестирование в народное хозяйство.— , 1985-1986
Altri autori: Ямпольский С. М. (редактор)
Lingua:russo
Pubblicazione: 1986
Soggetti:
Natura: MixedMaterials Libro
KOHA link:https://koha.lib.tpu.ru/cgi-bin/koha/opac-detail.pl?biblionumber=268936

MARC

LEADER 00000nam2a2200000 4500
001 268936
005 20231101234218.0
035 |a (RuTPU)RU\TPU\book\292092 
090 |a 268936 
100 |a 20140911d1986 k y0rusy5003 ca 
101 0 |a rus 
102 |a UA 
105 |a a z 001zy 
200 0 |a Т. 3 : Научно-технический прогресс и плановое инвестирование в народное хозяйство  |f отв. ред. С. М. Ямпольский 
210 |d 1986 
215 |d 21 см  |a 311 с.  |c табл. 
320 |a Библиогр.: с. 305-308 
320 |a Предметный указатель: с. 309 
461 1 |0 (RuTPU)RU\TPU\book\287933  |t Плановое управление экономикой развитого социализма  |o в 5 т.  |f Научно-исследовательский экономический институт, Госплан УССР ; гл. ред. А. С. Емельянов  |v Т. 3 : Научно-технический прогресс и плановое инвестирование в народное хозяйство  |d 1985-1986 
606 1 |a Народное хозяйство  |x Планирование  |2 stltpush  |3 (RuTPU)RU\TPU\subj\36475  |9 57840 
606 1 |a Технический прогресс  |y СССР  |y Россия  |2 stltpush  |3 (RuTPU)RU\TPU\subj\60126  |9 77615 
610 1 |a планирование 
610 1 |a капитальные вложения 
610 1 |a СССР 
686 |a У9(2)23  |2 rubbk 
686 |a У9(2)0-551  |2 rubbk 
702 1 |a Ямпольский  |b С. М.  |4 340 
801 0 |a RU  |b RuMRKP  |c 19960705  |g psbo 
801 1 |a RU  |b 63413507  |c 20140911 
801 2 |a RU  |b 63413507  |c 20161017  |g RCR 
942 |c BK